The Hobbit Book Chapters - Statistics

General Stats
  • This quiz has been taken 54 times
  • The average score is 13 of 19
Answer Stats
Chapter # Chapter Title % Correct
5 Riddles in the Dark
89%
1 An Unexpected Party
85%
17 The Clouds Burst
85%
8 Flies and Spiders
81%
7 Queer Lodgings
78%
2 Roast Mutton
74%
3 A Short Rest
70%
14 Fire and Water
70%
15 The Gathering of the Clouds
70%
16 A Thief in the Night
67%
9 Barrels Out of Bond
67%
12 Inside Information
63%
6 Out of the Frying-Pan into the Fire
63%
4 Over Hill and Under Hill
63%
18 The Return Journey
59%
10 A Warm Welcome
56%
13 Not at Home
56%
11 On The Doorstep
56%
19 The Last Stage
52%
No matching quizzes found
Score Distribution
Percent of People with Each Score
Percentile by Number Answered
Your Score History
You have not taken this quiz